|
|
|
|
| LEADER |
01015cam a2200265 7i4500 |
| 001 |
0000010205 |
| 005 |
20230612090000.0 |
| 020 |
|
|
|a 9780205449729 (pbk.)
|
| 020 |
|
|
|a 0205449727 (pbk.)
|
| 090 |
0 |
0 |
|a P96.A86
|b S76 2006
|
| 100 |
1 |
|
|a Stovall, James Glen
|
| 245 |
1 |
0 |
|a Writing for the mass media
|c James Glen Stovall.
|
| 250 |
|
|
|a 6th ed.
|
| 260 |
|
|
|a Boston:
|b Pearson/Allyn & Bacon,
|c 2006.
|
| 300 |
|
|
|a xii, 369 p.:
|b ill.;
|c 28 cm.
|
| 504 |
|
|
|a Includes bibliographical references and index
|
| 650 |
0 |
0 |
|a Mass media --
|x Authorship
|
| 650 |
0 |
0 |
|a Report writing
|
| 997 |
|
|
|a Business & Accountancy, Faculty
|
| 997 |
|
|
|a Communication, Visual Art & Computing, Faculty
|b Communication, Department
|
| 998 |
|
|
|a Media & Communication, Diploma
|
| 999 |
|
|
|a 0000028807
|b BOK
|c OPEN SHELF
|e 1st Floor, Bestari Jaya
|
| 999 |
|
|
|a 0000036111
|b BOK
|c OPEN SHELF
|e 1st Floor, Bestari Jaya
|
| 999 |
|
|
|a 0000036112
|b BOK
|c OPEN SHELF
|e 1st Floor, Bestari Jaya
|
| 999 |
|
|
|a 0000036113
|b BOK
|c OPEN SHELF
|e 1st Floor, Bestari Jaya
|